| 000 | 00786nam a22002177a 4500 | ||
|---|---|---|---|
| 003 | OSt | ||
| 005 | 20250620070406.0 | ||
| 008 | 250619b |||||||| |||| 00| 0 eng d | ||
| 020 | _a978-621-427-202-0 | ||
| 040 |
_aDWCL - Main lib _cOC |
||
| 082 | _aFil. 658.8342 G216c 2025 | ||
| 100 | _aGarcia, Lorma S.P | ||
| 245 |
_aConsumer behavior: _bdynamics, dimensions & models/ _cLorma S.P. Garcia & Ernesto H. Mendoza |
||
| 250 | _aSecond edition | ||
| 260 |
_aIntramuros, Manila: _bUnlimited Books Library Services & Publishing Inc., _c c2025 |
||
| 300 |
_axii, 403 pages: _b illustrations; _c25cm. |
||
| 504 | _aIncludes glossary and bibliographical references. | ||
| 650 | _a1. Consumer behavior. | ||
| 700 | _aMendoza, Ernesto H. | ||
| 942 |
_2ddc _cBK - FIL _eSecond edition _kFil. _n0 |
||
| 999 |
_c3179 _d3179 |
||